• 首页
  • 本馆介绍
  • 公告通知
  • 最新文献
  • 馆藏检索
  • 电子资源
  • 读者导购
  • 参考咨询
  • 我的图书馆
  • 登录
  • 详细信息显示
  • 放入我的书架
  • 预约/预借图书
  • 作者相关作品
  • 分类相关作品
  • 丛书相关作品
  • 出版社相关作品

书目信息

  • 表格格式
  • 工作单格式
  • 卡片格式
题名:
家庭常见病症首选药
    
 
作者: 郭喜军 主编
分册:  
出版信息: 石家庄   河北科学技术出版社  2002
页数: 482页
开本: 20cm
丛书名:
单 册:
中图分类: R453
科图分类:
主题词: 治疗学
电子资源:
ISBN: 7-5375-2659-1
000 00686nam0 2200205 450
001 0742386555
005 20070718171835.45
010    @a7-5375-2659-1@dCNY22.00
100    @a20070718d2002 km y0chiy0120 ea
101 0  @achi
102    @aCN@b130000
200 1  @a家庭常见病症首选药@Ajia ting chang jian bing zheng shou xuan yao@f郭喜军等主编@Fguo xi jun deng zhu bian
210    @a石家庄@c河北科学技术出版社@d2002
215    @a482页@d20cm
300    @a本书包括常见症状的鉴别和用药、家庭常见疾病、家庭常见急症、常见检验正常参考值及临床意义四部分内容。
606 0  @a治疗学
690    @aR453@v3
701  0 @a郭喜军@Aguo xi jun@4主编
801  0 @aCN@bPFT@c20070718
905    @a10447@dR453@e64
    
    家庭常见病症首选药/郭喜军等主编.-石家庄:河北科学技术出版社,2002
    482页;20cm
    本书包括常见症状的鉴别和用药、家庭常见疾病、家庭常见急症、常见检验正常参考值及临床意义四部分内容。
    
    ISBN 7-5375-2659-1:CNY22.00
    
●
相关链接 在E读中查询图书 在五车中查询图书 在当当中查询图书 在豆瓣中查询图书


正题名:家庭常见病症首选药     索取号:R453/64         预约/预借

序号 登录号 条形码 馆藏地/架位号 状态 备注
1 0780338   207803386   第二样本阅览室/ [索取号:R453/64] 在馆    
2 0780339   207803395   教育系资料室/ [索取号:R453/64] 在馆    
3 0780340   207803402   第三借阅区/ [索取号:R453/64] 在馆    
4 0780341   207803411   第三借阅区/ [索取号:R453/64] 在馆    
5 0780342   207803420   教育系资料室/ [索取号:R453/64] 在馆    
6 0780343   207803439   教育系资料室/ [索取号:R453/64] 在馆    
7 0780344   207803448   教育系资料室/ [索取号:R453/64] 在馆    
8 0780345   207803457   第三借阅区/ [索取号:R453/64] 在馆    
9 0780346   207803466   第三借阅区/ [索取号:R453/64] 在馆    
10 0780347   207803475   教育系资料室/ [索取号:R453/64] 在馆    
唐山师范学院图书馆 欢迎您!
大连网信软件有限公司© 版权所有